LEADER 01098nam a2200241 a 4500 001 000000133294 003 CaOOAMICUS 005 20130325161553.0 008 130325s2013 it frm z000 u ita r 040 $aPUL$bita 100 1 $aPrete, Daniele.$0(OLS)http://pul/name/85897 245 13$aLa comunicazione sociale di massa e la tutela dell'utente-consumatore/$cDaniele Prete. 260 $aRoma :$bPontificia Università Lateranense,$c2013. 300 $a50 p.$c24 cm 502 $aEstratto da tesi -- Pontificia Universitas Lateranensis. Facultas Iuris Civilis, 2013. 504 $aBibliografia: p.[43]-47. 710 2 $aPontificia Università Lateranense.$bFacoltà di diritto civile$kTesi.$0(OLS)http://pul/name/81778 850 $aPUL 852 $aPUL$W1$xDP1 Tesi Pon Univ. Lateranense$y41$m2013 D 2$j133702$qTesi$B152743$CPULBib$Z2$F152743 $82 941 1 $a16 996 $6245$aLa comunicazione sociale di massa e la tutela dell'utente-consumatore/$9(OLS)http://pul/title/168435 996 $6260$aRoma :$bPontificia Università Lateranense$9(OLS)http://pul/publisher/47963 LEADER 01286nam a2200313 a 4500 001 000000144132 003 CaOOAMICUS 005 20150616104226.0 008 150616s1986 it b u000 u ita r 020 $a88-215-1040-9 040 $aPUL$bita 041 1 $aita$hfre 100 1 $aFaivre, Alexandre.$0(OLS)http://pul/name/11412 240 10$aLaics aux origines de l'Eglise.$lItaliano.$0(OLS)http://pul/title/182351 245 12$aI laici alle origini della Chiesa /$cAlexandre Faivre. 260 $aCinisello Balsamo :$bEdizioni Paoline,$c1986. 300 $a267 p. :$bc. geogr. ;$c21 cm 490 1 $aProblemi e dibattiti ;$v03 504 $aNote bibliografiche. 650 4$aLaici.$0(OLS)http://pul/subject/212 830 0$aProblemi e dibattiti (Edizioni Paoline) ;$v03.$0(OLS)http://pul/title/182350 850 $aPUL 852 $aPUL$W1$xDP1 Fondo S. Lanza$y121$m3 C 54.4$j166199$qFondi$B166751$CPULBib$Z2$F166751 $HLan2472 $82 941 1 $a1 961 $aNota ms. di possesso: Sergio Lanza 996 $6020$a88-215-1040-9$9(OLS)http://pul/number/157937 996 $6245$aI laici alle origini della Chiesa$9(OLS)http://pul/title/182352 996 $6260$aCinisello Balsamo :$bEdizioni Paoline$9(OLS)http://pul/publisher/51955